[Event "Gallipoli Salento op 14th"]
[Site "Gallipoli"]
[Date "2025.05.22"]
[Round "7"]
[White "Fontijn, Ruud"]
[Black "Witte, Phoebe"]
[Result "0-1"]
[WhiteElo "1545"]
[BlackElo "1615"]
[PlyCount "91"]
[EventDate "2025.05.17"]
[EventType "swiss"]
[EventRounds "9"]
[EventCountry "ITA"]
[SourceTitle "CB22_2025"]
[SourceDate "2025.05.28"]
[SourceVersion "1"]
[SourceVersionDate "2025.05.28"]
[SourceQuality "1"]

1. e4 e5 2. Nf3 d5 3. Nc3 dxe4 4. Nxe4 Bd6 5. Bc4 Nf6 6. d3 0-0 7. 0-0 Bg4 8. h3 Bh5 9. Bg5 Nbd7 10. Ned2 h6 11. Bh4 Re8 12. Re1 c6 13. Ne4 Be7 14. c3 Nxe4 15. Bxe7 Qxe7 16. dxe4 Rad8 17. Re3 Nf6 18. Qc2 Bxf3 19. Rxf3 Rd7 20. Rd1 Rxd1+ 21. Qxd1 Rd8 22. Qc2 Rd7 23. Rd3 Rxd3 24. Qxd3 Qd7 25. f3 Qxd3 26. Bxd3 c5 27. Kf2 Kf8 28. b3 Ke7 29. g3 Kd6 30. Bc4 Ke7 31. g4 Nd7 32. Bd5 b6 33. Bc4 Nf8 34. h4 Ng6 35. h5 Nf4 36. Kg3 f6 37. a3 a5 38. Bb5 Kd6 39. Bc4 Ne6 40. Bxe6 Kxe6 41. a4 c4 42. bxc4 Kd6 43. Kf2 Kc5 44. Ke2 Kxc4 45. Kd2 b5 46. Kc2 0-1

[Event "Gallipoli Salento op 14th"]
[Site "Gallipoli"]
[Date "2025.05.21"]
[Round "6"]
[White "Witte, Phoebe"]
[Black "Navarra, Stefano"]
[Result "1/2-1/2"]
[WhiteElo "1615"]
[BlackElo "1551"]
[PlyCount "47"]
[EventDate "2025.05.17"]
[EventType "swiss"]
[EventRounds "9"]
[EventCountry "ITA"]
[SourceTitle "CB22_2025"]
[SourceDate "2025.05.28"]
[SourceVersion "1"]
[SourceVersionDate "2025.05.28"]
[SourceQuality "1"]

1. d4 d5 2. c4 Nf6 3. cxd5 Qxd5 4. Nc3 Qd8 5. e4 e6 6. Nf3 c5 7. Bg5 h6 8. Bh4 g5 9. Bg3 cxd4 10. Qxd4 Qxd4 11. Nxd4 Bg7 12. Ndb5 Na6 13. Nd6+ Ke7 14. Nxc8+ Raxc8 15. Bxa6 bxa6 16. 0-0 Nh5 17. Rac1 Nxg3 18. hxg3 Bxc3 19. bxc3 Rc4 20. Rfe1 Rd8 21. Rc2 Rd3 22. Rec1 Rxe4 23. c4 Red4 24. Kh2 1/2-1/2

[Event "Gallipoli Salento op 14th"]
[Site "Gallipoli"]
[Date "2025.05.18"]
[Round "2"]
[White "Witte, Phoebe"]
[Black "Padroni, Marco"]
[Result "1-0"]
[WhiteElo "1615"]
[BlackElo "1898"]
[PlyCount "106"]
[EventDate "2025.05.17"]
[EventType "swiss"]
[EventRounds "9"]
[EventCountry "ITA"]
[SourceTitle "CB22_2025"]
[SourceDate "2025.05.28"]
[SourceVersion "1"]
[SourceVersionDate "2025.05.28"]
[SourceQuality "1"]

1. e4 c6 2. d4 d5 3. exd5 cxd5 4. Bd3 Nc6 5. c3 Nf6 6. Bf4 Qb6 7. Qc2 g6 8. Nf3 Bg7 9. Nbd2 Nh5 10. Be3 Qd8 11. 0-0 0-0 12. Rfe1 Qd6 13. Nf1 Bg4 14. Be2 Bf5 15. Qd2 Nf6 16. Ng3 Bg4 17. Bf4 Qd8 18. h3 Bxf3 19. Bxf3 Re8 20. Re2 e6 21. Rae1 Qd7 22. Bg5 Ne7 23. Qf4 Nf5 24. Nxf5 exf5 25. Bxf6 Rxe2 26. Rxe2 Bxf6 27. Qe3 Qd6 28. Qd3 a6 29. Qc2 Rd8 30. a4 a5 31. Qb3 b6 32. Qb5 Kf8 33. b3 h5 34. Qd3 h4 35. Rb2 Rc8 36. Qd2 Kg7 37. Be2 Bd8 38. Bb5 Bc7 39. f4 Qxf4 40. Qxf4 Bxf4 41. c4 dxc4 42. Bxc4 Be3+ 43. Kf1 Bxd4 44. Rd2 Rd8 45. Re2 Bc5 46. Bb5 Kf6 47. Ke1 Kg5 48. Bc4 Kf6 49. Rc2 Rd4 50. Ke2 g5 51. Rc3 g4 52. hxg4 fxg4 53. Kf1 Kg6 1-0

[Event "Gallipoli Salento op 14th"]
[Site "Gallipoli"]
[Date "2025.05.17"]
[Round "1"]
[White "Radice, Mario"]
[Black "Witte, Phoebe"]
[Result "1-0"]
[WhiteElo "1853"]
[BlackElo "1615"]
[PlyCount "53"]
[EventDate "2025.05.17"]
[EventType "swiss"]
[EventRounds "9"]
[EventCountry "ITA"]
[SourceTitle "CB22_2025"]
[SourceDate "2025.05.28"]
[SourceVersion "1"]
[SourceVersionDate "2025.05.28"]
[SourceQuality "1"]

1. e4 e6 2. d4 d5 3. e5 c5 4. c3 Nc6 5. Nf3 Qb6 6. Bd3 Bd7 7. dxc5 Bxc5 8. 0-0 Be7 9. Nbd2 f6 10. Qe2 0-0-0 11. Nb3 Nh6 12. Nbd4 fxe5 13. Nxc6 Bxc6 14. Nxe5 Be8 15. Be3 Bc5 16. Bxc5 Qxc5 17. b4 Qb6 18. a4 Kb8 19. a5 Qc7 20. Rfc1 Nf7 21. Nxf7 Qxf7 22. Qe5+ Ka8 23. a6 b6 24. Re1 Bd7 25. Qc7 Rb8 26. Bb5 Rhc8 27. Bc6+ 1-0

[Event "Leuven op 35th"]
[Site "Leuven"]
[Date "2024.11.11"]
[Round "7"]
[White "Witte, Phoebe"]
[Black "Ponnet, Guy"]
[Result "1/2-1/2"]
[WhiteElo "1613"]
[BlackElo "1738"]
[PlyCount "119"]
[EventDate "2024.11.08"]
[EventType "swiss"]
[EventRounds "7"]
[EventCountry "BEL"]
[SourceTitle "CB45_2024"]
[Source "ChessBase"]
[SourceDate "2024.11.06"]
[SourceVersion "1"]
[SourceVersionDate "2024.11.06"]
[SourceQuality "1"]

1. e4 d6 2. d4 Nf6 3. Nc3 g6 4. Bd3 Bg7 5. Be3 Ng4 6. Qd2 Nxe3 7. Qxe3 Nc6 8. Nf3 e5 9. dxe5 Nxe5 10. Nxe5 Bxe5 11. Bc4 c6 12. 0-0-0 Qf6 13. Kb1 Bxc3 14. Qxc3 Qxc3 15. bxc3 Ke7 16. Bb3 Be6 17. Rd2 Rad8 18. Rhd1 Rd7 19. Kb2 Rhd8 20. c4 b6 21. Kc3 f5 22. Kd3 d5 23. exd5 cxd5 24. cxd5 Bxd5 25. Bxd5 Rxd5+ 26. Kc3 Rxd2 27. Rxd2 Rxd2 28. Kxd2 Kd6 29. h4 b5 30. Ke3 Ke5 31. c3 Kd5 32. Kf4 Kc4 33. Kg5 Kxc3 34. Kh6 Kb2 35. Kxh7 Kxa2 36. Kxg6 b4 37. h5 b3 38. h6 b2 39. h7 b1Q 40. h8Q Qb6+ 41. Qf6 Qxf2 42. Qe6+ Kb2 43. Qe5+ Kc1 44. Qa1+ Kd2 45. Qa2+ Ke1 46. Qxf2+ Kxf2 47. Kxf5 a5 48. g4 a4 49. g5 a3 50. g6 a2 51. g7 a1Q 52. g8Q Qb1+ 53. Kf6 Qb2+ 54. Kf7 Qb3+ 55. Kf8 Qb4+ 56. Kf7 Qf4+ 57. Kg7 Qg5+ 58. Kf8 Qh6+ 59. Qg7 Qxg7+ 60. Kxg7 1/2-1/2

[Event "Leuven op 35th"]
[Site "Leuven"]
[Date "2024.11.10"]
[Round "4"]
[White "Logarathinam Manjula, Prithuvik"]
[Black "Witte, Phoebe"]
[Result "1/2-1/2"]
[WhiteElo "1447"]
[BlackElo "1613"]
[PlyCount "94"]
[EventDate "2024.11.08"]
[EventType "swiss"]
[EventRounds "7"]
[EventCountry "BEL"]
[SourceTitle "CB45_2024"]
[Source "ChessBase"]
[SourceDate "2024.11.06"]
[SourceVersion "1"]
[SourceVersionDate "2024.11.06"]
[SourceQuality "1"]

1. e4 e6 2. d4 d5 3. exd5 exd5 4. Nf3 Nf6 5. Nc3 Bd6 6. Bd3 0-0 7. 0-0 Bg4 8. h3 Bh5 9. Re1 Re8 10. Rxe8+ Qxe8 11. Bg5 Nbd7 12. Qe2 Qxe2 13. Bxe2 c6 14. Nd1 Re8 15. Ne3 h6 16. Bxf6 Nxf6 17. c3 Bf4 18. g4 Bxe3 19. fxe3 Bg6 20. Ne5 Bh7 21. Re1 Ne4 22. Bd3 f6 23. Nf3 Nd6 24. Bxh7+ Kxh7 25. b3 g5 26. a4 Kg6 27. Nd2 Ne4 28. Nxe4 Rxe4 29. Kg2 h5 30. Kf3 f5 31. Rg1 f4 32. Re1 b6 33. Re2 a6 34. exf4 Rxf4+ 35. Kg3 h4+ 36. Kg2 Kf6 37. Rf2 Rxf2+ 38. Kxf2 Ke6 39. Ke3 Kd6 40. Kd3 b5 41. axb5 axb5 42. c4 bxc4+ 43. bxc4 Kc7 44. cxd5 cxd5 45. Kc3 Kc6 46. Kb4 Kb6 47. Kc3 Kc6 1/2-1/2

[Event "Leuven op 34th"]
[Site "Leuven"]
[Date "2023.11.12"]
[Round "6"]
[White "Witte, Phoebe"]
[Black "Vanlommel, Maxim"]
[Result "0-1"]
[WhiteElo "1491"]
[BlackElo "1676"]
[PlyCount "102"]
[EventDate "2023.11.09"]
[EventType "swiss"]
[EventRounds "7"]
[EventCountry "BEL"]
[SourceTitle "CBM 217 Extra"]
[Source "ChessBase"]
[SourceDate "2024.01.31"]
[SourceVersion "1"]
[SourceVersionDate "2024.01.31"]
[SourceQuality "1"]

1. c4 Nf6 2. Nc3 g6 3. g3 Bg7 4. Bg2 0-0 5. Nf3 d6 6. d4 Nbd7 7. 0-0 e5 8. dxe5 Nxe5 9. Nxe5 dxe5 10. Bg5 h6 11. Qxd8 Rxd8 12. Be3 c6 13. Rad1 Be6 14. b3 Nd7 15. Ne4 Bf8 16. Rd2 Nb6 17. Rfd1 Rxd2 18. Rxd2 Kg7 19. Nc5 Bxc5 20. Bxc5 Nd7 21. Bb4 a5 22. Bc3 a4 23. h3 axb3 24. axb3 Ra3 25. Rb2 b5 26. Bxc6 bxc4 27. Bb4 Rxb3 28. Rxb3 cxb3 29. Ba3 Bxh3 30. Bd5 Kf6 31. Bxb3 Be6 32. Bc2 Bf5 33. Bb3 Be6 34. Bc2 Nb6 35. Bc1 h5 36. Be3 Nd5 37. Bd2 Ne7 38. Kg2 Bf5 39. Bd1 Nd5 40. f3 e4 41. Kf2 Ke5 42. Bb3 Kd4 43. e3+ Kc5 44. Bc2 Nb4 45. Bxb4+ Kxb4 46. Bxe4 Bxe4 47. fxe4 g5 48. Kf3 Kc5 49. e5 Kd5 50. e6 fxe6 51. e4+ Kd4 0-1